000 00882nam a2200253Ia 4500
001 11343
003 GE_BSU
008 181216s||||||||xx |||||||||||||| ||und||
020 _a9785991622660
040 _cGE_BSU
080 _a351/354(075.8)
100 _aОхотский,Е.В.
245 _aТеория и механизмы современного государственного управления.
245 _bУчебно-методический комплекс.
260 _aМосква.
260 _bИздательство Юрайт.
260 _c2013.
300 _a701стр;22см.
300 _eБиблиогр стр.606-608
520 _aМгимо(у)МИД России.
541 _h66л.
653 _aТеория и механизмы современного государственного управления.
942 _cBK
999 _c44540
_d44540